| 000 | 00492nam a22001817a 4500 | ||
|---|---|---|---|
| 001 | 00028712 | ||
| 005 | 20260406120756.0 | ||
| 008 | 260406b ag ||||| |||| 00| 0 spa d | ||
| 020 | _a9789500836920 | ||
| 040 |
_bspa _cAR-CcCEOS |
||
| 080 | _a82-36 | ||
| 090 | _bMAI | ||
| 100 | 1 |
_aMainé, Margarita _91023 |
|
| 245 |
_aEl poder de Kimiku : _bcuento tradicional africano / _cMargarita Mainé |
||
| 260 |
_aBuenos Aires : _bAtlantida. |
||
| 650 | 0 | _aliteratura infantil | |
| 942 |
_2udc _cBK |
||
| 999 |
_c28745 _d28745 |
||
| 945 |
_a66467 _bMelina Rolando _c66467 _dMelina Rolando |
||